Pán prsteňov 2 Dve veže

Bibliographic Details
Main Author: Tolkien, J. R. R. (John Ronald Reuel), 1892-1973 (Author)
Other Authors: Kořínek, Otakar, 1946-2025 (Translator)
Format: Book
Language:Slovak
Published: Bratislava Slovart 2001
Subjects:

MARC

LEADER 00000nam a2200000 a 4500
001 vtls001433435
003 SK-MaSNL
005 20260302072703.0
008 240801s2001 xo ra slo
015 |a SNBA2002/10-03252 
020 |a 8071456071 
035 |a SNK000388504 
035 |a urn:nbn:sk:snk-amk2qw 
035 |a urn:nbn:sk:snk-am0083gh 
035 |a 8C5ED46D-7907-4A86-A3B3-C60FD76FECE5 
040 |a SNK  |b slo  |c SNK  |e AACR2 
041 0 |a slo 
044 |a xo  |c SK 
080 |a 820-3  |2 1981 
100 1 |a Tolkien, J. R. R.  |q (John Ronald Reuel),  |d 1892-1973  |4 aut  |9 125256 
240 1 4 |a The lord of the rings - The two towers  |l Slovensky 
245 1 0 |a Pán prsteňov  |n 2  |p Dve veže  |c J.R.R. Tolkien ; [z anglického originálu preložil Otakar Kořínek] 
260 |a Bratislava  |b Slovart  |c 2001 
300 |a 375 s.  |c 24 cm 
500 |a Ilustr. na predsádkach 
500 |a Údaj o prekl. prevzatý z tiráže 
650 0 7 |a romány fantazijné anglické  |2 SNK  |9 464430 
655 7 |a umelecká literatúra  |2 SNK  |9 60405 
700 1 |a Kořínek, Otakar,  |d 1946-2025  |4 trl  |9 21456 
852 |a Slovenská národná knižnica 
919 |a 80-7145-607-1 
954 |a beletria cudzojazyčná (svetová)  |2 lita 
958 |a LX 
958 |a UP 
958 |a GB 
958 |a TL 
958 |a NS 
968 |b ENG 
999 |c 1157607  |d 1159537 
952 |t P60, <03>, [BOOK], {603}  |a SNK  |b SNK  |y PREZ  |7 0  |p 17A0342608  |o snkSC 107772/2  |i snkKSP 5105/2002  |0 0  |1 0  |4 0  |d 2002-05-03  |f 1  |l 0  |r 2025-09-29 00:00:00  |w 2026-02-24 
952 |t P60, <05>, [BOOK], {605}  |a SNK  |b SNKPULT  |y VYP  |7 0  |p 17A0342609  |o snkSC 107772/2 D1  |i snkKSP 5106/2002  |8 3  |0 0  |1 0  |2 udc  |4 0  |d 2002-05-03  |l 2  |q 2026-05-07  |r 2026-04-07 11:51:29  |s 2026-04-07  |w 2026-02-24